000 00677cam a2200205 i 4500
001 bg
003 KOSZ 005
005 20200408130907.0
008 990909s1978 pl f f |000 0 pol d
040 _cKOSZ 005/HR
_aKOSZ 005/HR
_dKOSZ 005/HR
080 _a517
080 _a(075.8+076)
100 1 _aKrysicki, Włodzimierz
_d(1905-2001)
_eAutor
245 0 _aAnaliza matematyczna w zadaniach.
_nCz. 2 /
_cW. Krysicki, L. Włodarski.
250 _aWyd.13.
260 _aWarszawa,
_c1978.
700 1 _aWłodarski, Lech
_d(1916-1997)
_eAutor
856 _uhttp://koha.tu.koszalin.pl/cgi-bin/koha/opac-detail.pl?biblionumber=1649
_yKatalog online BPK
942 _cKS
_2UKD
999 _c1649
_d1649